Kluby wygrywające La Lige - Statystyki

Ogólne statystyki
  • Ten quiz został rozwiązany 54 razy
  • Średni wynik to 7 z 9
Statystyki odpowiedzi
Ilość wygranych Klub % Poprawnych
27 FC Barcelona
100%
35 Real Madryt
100%
11 Atlético Madryt
92%
1 Sevilla
80%
6 Valencia
80%
1 Real Betis
69%
2 Real Sociedad
63%
8 Athletic Bilbao
55%
1 Deportivo
53%
Nie znaleziono quizów pasujących do podanych kryteriów
Rozkład punktacji
Procent ludzi z każdym wynikiem
Percentyl według liczby udzielonych odpowiedzi
Twoja historia wyników
Nie rozwiązałeś tego quizu